Lausanne - Choix Multiples - Statistiques

Statistiques générales
  • Ce quiz a été pris 131 fois
  • Le résultat moyen est 8 sur 10
Statistiques - réponses
Question Réponse % Correct
Quel lac borde la ville ? Léman
98%
Laquelle de ces organisations internationales a ses quartiers à Lausanne ? Comité International Olympique (CIO)
93%
Dans quel canton se trouve Lausanne ? Vaud
92%
Lausanne est la plus petite ville du monde à posséder quoi ? Un système de métro
84%
Quel chorégraphe et danseur y a fondé et dirigé un grand ballet ? Maurice Béjart
83%
Quel joueur de tennis né à Lausanne a marqué les esprits avec son "short pijama" ? Stan Wawrinka
77%
Que peut-on trouver à la cathédrale de Lausanne? Un guet qui crie les heures
70%
Quel train de légende faisait halte à Lausanne ? Orient Express
68%
Quel pays moderne a été créé en 1923 par le Traité de Lausanne ? Turquie
54%
La première et plus grande collection d'art brut se trouve à Lausanne, qu'est-ce que l'art brut ? Des œuvres d'artistes sans formation ou culture artistique
45%
Aucun quiz correspondant
Distribution des résultats
% des personnes avec chaque résultat
Percentile par nombre de réponses
Votre historique - résultats
Vous n’avez pas pris ce quiz